Assamese women in Indian independence movement with a special emphasis on Kanaklata Barua / (Record no. 17436)

MARC details
000 -LEADER
fixed length control field 01116nam a22002774a 4500
005 - DATE AND TIME OF LATEST TRANSACTION
control field 20080729164931.0
008 - FIXED-LENGTH DATA ELEMENTS--GENERAL INFORMATION
fixed length control field 080416s2008 waua 001 0 eng
010 ## - LCCN (DPL NO)
LC control number ENG-91469
020 ## - INTERNATIONAL STANDARD BOOK NUMBER
International Standard Book Number 9788183242332
Terms of availability 350.00
020 ## - INTERNATIONAL STANDARD BOOK NUMBER
International Standard Book Number 8183242332
Terms of availability 350.00
035 ## - SYSTEM CONTROL NUMBER
System control number EN-75002
037 ## - SOURCE OF ACQUISITION
Source of stock number/acquisition DBAD / PUB
040 ## - CATALOGING SOURCE
Original cataloging agency DPL
Language of cataloging English
082 ## - DEWEY DECIMAL CLASSIFICATION NUMBER
Classification number 954.0841
100 ## - MAIN ENTRY--PERSONAL NAME
Personal name Pathak, Guptajit
245 ## - TITLE STATEMENT
Title Assamese women in Indian independence movement with a special emphasis on Kanaklata Barua /
Statement of responsibility, etc by Guptajit Pathak
260 ## - PUBLICATION, DISTRIBUTION, ETC. (IMPRINT)
Place of publication, distribution, etc New Delhi
Name of publisher, distributor, etc Mittal Publications
Date of publication, distribution, etc 2008
270 ## - ADDRESS
Address 4594/9, Ansari Road, Daryaganj,
City New Delhi
Postal code 110002
300 ## - PHYSICAL DESCRIPTION
Extent xvi, 124p.:
Dimensions 23 cm (Hb)
Other physical details b&w photos
500 ## - GENERAL NOTE
General note Includes glossary and index
600 ## - SUBJECT ADDED ENTRY--PERSONAL NAME
Personal name Barua, Kanklata, 1924-1942.
650 ## - SUBJECT ADDED ENTRY--TOPICAL TERM
Topical term or geographic name as entry element Women in politics
Geographic subdivision India
-- Assam
General subdivision History
650 ## - SUBJECT ADDED ENTRY--TOPICAL TERM
Topical term or geographic name as entry element Nationalism
Geographic subdivision India
-- Assam
General subdivision History
942 ## - ADDED ENTRY ELEMENTS (KOHA)
Source of classification or shelving scheme Dewey Decimal Classification
Item type English Books
Call number suffix PAT
Classification part 954.0841
Holdings
Withdrawn status Lost status Source of classification or shelving scheme Damaged status Not for loan Collection code Home library Current library Date acquired Source of acquisition Cost, normal purchase price Total Checkouts Full call number Barcode Date last seen Copy number Cost, replacement price Koha item type
    Dewey Decimal Classification   Not For Loan Non-fiction D.B.Act.Division D.B.Act.Division 03/11/2008 DBAD / PUB 350.00   954.0841 PAT EN-75002 03/11/2008 1 350.00 English Books

© Delhi Public Library
Hit Counter
free hit counter